<?xml version="1.0" encoding="UTF-8"?>
<record
    xmlns:xsi="http://www.w3.org/2001/XMLSchema-instance"
    xsi:schemaLocation="http://www.loc.gov/MARC21/slim http://www.loc.gov/standards/marcxml/schema/MARC21slim.xsd"
    xmlns="http://www.loc.gov/MARC21/slim">

  <leader>01604naa a2200229 i 4500</leader>
  <controlfield tag="001">BPP</controlfield>
  <controlfield tag="003">BPK</controlfield>
  <controlfield tag="005">20180427091614.0</controlfield>
  <controlfield tag="008">151112s2000    pl     f     |100 0 eng</controlfield>
  <datafield tag="040" ind1=" " ind2=" ">
    <subfield code="c">BPK</subfield>
  </datafield>
  <datafield tag="041" ind1=" " ind2=" ">
    <subfield code="a">eng</subfield>
  </datafield>
  <datafield tag="044" ind1=" " ind2=" ">
    <subfield code="a">POL</subfield>
  </datafield>
  <datafield tag="100" ind1=" " ind2=" ">
    <subfield code="a">SUSZY&#x143;SKI, Zbigniew.</subfield>
    <subfield code="d">1996 - .</subfield>
    <subfield code="b">Politechnika Koszali&#x144;ska - Wydzia&#x142; Elektroniki,</subfield>
    <subfield code="c">Katedra Elektroniki Cia&#x142;a Sta&#x142;ego</subfield>
  </datafield>
  <datafield tag="245" ind1=" " ind2=" ">
    <subfield code="a">Photoacoustic amplitude method of determining of the thermal diffusivity of non-opaque materials /</subfield>
    <subfield code="c">Z. Suszy&#x144;ski.</subfield>
  </datafield>
  <datafield tag="260" ind1=" " ind2=" ">
    <subfield code="c">2000.</subfield>
  </datafield>
  <datafield tag="500" ind1=" " ind2=" ">
    <subfield code="a">kopia dokumentu (Informator o publikowanych wynikach prac naukowo-badawczych w roku 2000 Wydzia&#x142;u Elektroniki).</subfield>
  </datafield>
  <datafield tag="520" ind1=" " ind2=" ">
    <subfield code="a">The fast and simple photoacoustic method of measuring the thermal diffusivity of optically non-opaque solid-state meterials is presented. The methods is based on the measuring of the photoacoustic signal amplitude for the illumination of the front and rear surfaces. On the basis of this the ratio of the amplitudes of both photoacoustic signal versus frequency is evaluated. Comparing it with the theoretical characteristics makes possible the calculation of thermal diffusivity coefficient. It is calculated on the basis of the fitting of the experimantal ratio amplitude characteristic with the pattern ones. Experimental results illustrating the procedure are presented and discussed for the Hysol MG-40F-R and stained glass.</subfield>
  </datafield>
  <datafield tag="655" ind1=" " ind2="0">
    <subfield code="a">Materia&#x142;y konferencyjne.</subfield>
  </datafield>
  <datafield tag="711" ind1=" " ind2=" ">
    <subfield code="a">Therminic Workshop</subfield>
    <subfield code="n">(6 ;</subfield>
    <subfield code="d">2000 ;</subfield>
    <subfield code="c">Budapeszt, W&#x119;gry).</subfield>
  </datafield>
  <datafield tag="773" ind1=" " ind2=" ">
    <subfield code="i">W :</subfield>
    <subfield code="t">VI Therminic Workshop. -</subfield>
    <subfield code="g">2000, s. 116-119</subfield>
  </datafield>
  <datafield tag="942" ind1=" " ind2=" ">
    <subfield code="c">ART</subfield>
    <subfield code="2">UKD</subfield>
  </datafield>
  <datafield tag="999" ind1=" " ind2=" ">
    <subfield code="c">297</subfield>
    <subfield code="d">297</subfield>
  </datafield>
</record>
